Un ejercicio de simulación de la propuesta para el acuerdo fiscal federal (Registro nro. 24879)
[ vista simple ]
| 000 -LEADER | |
|---|---|
| fixed length control field | 00357 a2200109 4500 |
| 001 - CONTROL NUMBER | |
| control field | ART_11069 |
| 005 - DATE AND TIME OF LATEST TRANSACTION | |
| control field | 20260410161849.0 |
| 008 - FIXED-LENGTH DATA ELEMENTS--GENERAL INFORMATION | |
| fixed length control field | 260409a |
| 100 1# - MAIN ENTRY--PERSONAL NAME | |
| Personal name | Piffano, Horacio L. P. |
| 245 10 - TITLE STATEMENT | |
| Title | Un ejercicio de simulación de la propuesta para el acuerdo fiscal federal |
| 773 0# - HOST ITEM ENTRY | |
| Title | Económica |
| Related parts | - Año XLIV, Nº 3 (dic. 1998) |
| Record control number | REV7541 |
No hay ítems disponibles.